[Event "HUN-chT 0910"]
[Site "Hungary"]
[Date "2010.04.11"]
[Round "9"]
[White "Poor, Istvan"]
[Black "Varadi, Viktor"]
[Result "0-1"]
[WhiteElo "2274"]
[BlackElo "2402"]
[PlyCount "100"]
[EventDate "2009.11.08"]
[EventType "team-tourn"]
[EventRounds "11"]
[EventCountry "HUN"]
[SourceTitle "EXT 2011"]
[Source "ChessBase"]
[SourceDate "2010.11.26"]
[SourceVersion "1"]
[SourceVersionDate "2010.11.26"]
[SourceQuality "1"]
[WhiteTeam "BEAC"]
[BlackTeam "Kazincbarcika"]
[WhiteTeamCountry "HUN"]
[BlackTeamCountry "HUN"]

1. e4 c5 2. Nf3 d6 3. Bb5+ Nd7 4. c4 Ngf6 5. Nc3 g6 6. d3 Bg7 7. h3 0-0 8. Be3 a6 9. Ba4 Rb8 10. Qd2 Qa5 11. 0-0 b5 12. cxb5 axb5 13. Bb3 Ba6 14. Bh6 c4 15. Bxg7 Kxg7 16. dxc4 bxc4 17. Bd1 Nc5 18. e5 dxe5 19. Nxe5 Nce4 20. Nxe4 Qxe5 21. Nc3 Rfd8 22. Qc2 Bb7 23. f4 Qd4+ 24. Qf2 Ne4 25. Nxe4 Bxe4 26. Qxd4+ Rxd4 27. Rf2 f5 28. Rc1 Kf6 29. Kf1 h6 30. g4 Rb6 31. h4 e5 32. g5+ hxg5 33. fxg5+ Ke6 34. h5 gxh5 35. Bxh5 Rb8 36. Rc3 Bd3+ 37. Kg1 Rh4 38. Bf3 e4 39. Bg2 Ke5 40. Ra3 f4 41. Ra5+ Kd4 42. Ra6 Ke3 43. Re6 c3 44. Rf3+ Kd4 45. bxc3+ Kxc3 46. Rxe4 Rb1+ 47. Kf2 Rb2+ 48. Kg1 Rg4 49. Rexf4 Rgxg2+ 50. Kh1 Rh2+ 0-1

[Event "HUN-chT 0910"]
[Site "Hungary"]
[Date "2009.12.06"]
[Round "3"]
[White "Poor, Istvan"]
[Black "Szollosi, Laszlo Jr"]
[Result "1/2-1/2"]
[WhiteElo "2274"]
[BlackElo "2245"]
[PlyCount "26"]
[EventDate "2009.11.08"]
[EventType "team-tourn"]
[EventRounds "11"]
[EventCountry "HUN"]
[SourceTitle "EXT 2011"]
[Source "ChessBase"]
[SourceDate "2010.11.26"]
[SourceVersion "1"]
[SourceVersionDate "2010.11.26"]
[SourceQuality "1"]
[WhiteTeam "BEAC"]
[BlackTeam "Dunaharaszti"]
[WhiteTeamCountry "HUN"]
[BlackTeamCountry "HUN"]

1. e4 e5 2. Nf3 Nc6 3. Bb5 a6 4. Ba4 Nf6 5. 0-0 d6 6. Re1 b5 7. Bb3 Be7 8. c3 0-0 9. h3 Re8 10. Ng5 Rf8 11. Nf3 Re8 12. Ng5 Rf8 13. Nf3 Re8 1/2-1/2

[Event "HUN-chT2 Erkel 0809"]
[Site "Hungary"]
[Date "2009.01.25"]
[Round "6.5"]
[White "Pal, Geza"]
[Black "Poor, Istvan"]
[Result "0-1"]
[WhiteElo "2235"]
[BlackElo "2266"]
[PlyCount "100"]
[EventDate "2008.10.26"]
[EventType "team-tourn"]
[EventRounds "11"]
[EventCountry "HUN"]
[SourceTitle "EXT 2010"]
[Source "ChessBase"]
[SourceDate "2010.11.25"]
[SourceVersion "1"]
[SourceVersionDate "2010.11.25"]
[SourceQuality "1"]
[WhiteTeam "PSE II"]
[BlackTeam "HASE II"]
[WhiteTeamCountry "HUN"]
[BlackTeamCountry "HUN"]

1. d4 g6 2. c4 Bg7 3. Nc3 d6 4. Nf3 Nf6 5. g3 0-0 6. Bg2 Nc6 7. d5 Na5 8. b3 c5 9. Bb2 a6 10. 0-0 Rb8 11. Qd3 Bf5 12. Qd2 b5 13. cxb5 axb5 14. Nh4 Bd7 15. Nd1 b4 16. Ne3 Qc8 17. Rfc1 Bh3 18. Bh1 Qa6 19. Rc2 e5 20. Qd3 Qb6 21. Rd1 Ng4 22. Nc4 Nxc4 23. bxc4 Ra8 24. Nf3 Nh6 25. e4 Bg4 26. Bc1 f5 27. Re2 fxe4 28. Qxe4 Bxf3 29. Bxf3 Nf5 30. Be3 Ra3 31. Bg2 Qa6 32. Rdd2 Nxe3 33. Rxe3 Rxa2 34. Rxa2 Qxa2 35. Rf3 Ra8 36. Qg4 Qb1+ 37. Bf1 h5 38. Qe6+ Kh7 39. Rf7 b3 40. Qe7 Rg8 41. Qxd6 b2 42. Rb7 Qc2 43. Qb6 e4 44. Qb3 Qxb3 45. Rxb3 Bd4 46. Kh1 Ra8 47. d6 Ra1 48. d7 Rxf1+ 49. Kg2 Rxf2+ 50. Kh3 Rf8 0-1

[Event "HUN-chT2 Breyer 0708"]
[Site "Hungary"]
[Date "2008.03.30"]
[Round "9"]
[White "Poor, Istvan"]
[Black "Seres, Bela"]
[Result "0-1"]
[WhiteElo "2264"]
[BlackElo "2220"]
[PlyCount "111"]
[EventDate "2007.10.14"]
[EventType "team"]
[EventRounds "11"]
[EventCountry "HUN"]
[SourceTitle "EXT 2009"]
[Source "ChessBase"]
[SourceDate "2008.11.26"]
[SourceVersion "1"]
[SourceVersionDate "2008.11.26"]
[SourceQuality "1"]
[WhiteTeam "Honved II"]
[BlackTeam "Hobagoly"]
[WhiteTeamCountry "HUN"]
[BlackTeamCountry "HUN"]

1. e4 c5 2. Nf3 Nc6 3. Bb5 g6 4. 0-0 Bg7 5. c3 a6 6. Ba4 b5 7. Bb3 c4 8. Bc2 e6 9. Qe2 Nge7 10. e5 d6 11. exd6 Qxd6 12. b3 cxb3 13. axb3 Bb7 14. d4 0-0 15. Nbd2 b4 16. Ne4 Qc7 17. Ra4 Nd5 18. Bb2 bxc3 19. Nxc3 Nb6 20. Raa1 Rfd8 21. Rad1 Nxd4 22. Nxd4 Bxd4 23. Nd5 Nxd5 24. Bxd4 Nf4 25. Qe5 Qxe5 26. Bxe5 Nxg2 27. Rxd8+ Rxd8 28. Rd1 Rxd1+ 29. Bxd1 g5 30. Be2 Nf4 31. Bc4 h6 32. Kf1 Kh7 33. b4 Kg6 34. f3 Kf5 35. Bd6 f6 36. Kf2 h5 37. Ke3 e5 38. Bc7 Ng2+ 39. Kf2 Nh4 40. Be2 Kf4 41. Bd8 Kf5 42. Bd3+ Kf4 43. Bxf6 Nxf3 44. Be2 Nd2 45. Bd8 g4 46. Bd3 Nf3 47. Bb6 Nd4 48. Bd8 Nc6 49. Bb6 e4 50. Bc7+ Kf5 51. Be2 Nxb4 52. Kg3 Nd5 53. Bd8 Nf4 54. Bc4 Ng6 55. h4 Ne5 56. Be2 0-1

[Event "HUN-chT2 Breyer 0607"]
[Site "Hungary"]
[Date "2007.05.20"]
[Round "11"]
[White "Oze, Krisztian"]
[Black "Poor, Istvan"]
[Result "0-1"]
[WhiteElo "2074"]
[BlackElo "2251"]
[PlyCount "40"]
[EventDate "2006.11.12"]
[EventType "team"]
[EventRounds "11"]
[EventCountry "HUN"]
[SourceTitle "EXT 2008"]
[Source "ChessBase"]
[SourceDate "2007.11.25"]
[SourceVersion "1"]
[SourceVersionDate "2007.11.25"]
[SourceQuality "1"]
[WhiteTeam "Szentendre"]
[BlackTeam "Honved II"]
[WhiteTeamCountry "HUN"]
[BlackTeamCountry "HUN"]

1. d4 g6 2. c4 Bg7 3. Nc3 d6 4. g3 Nf6 5. Bg2 0-0 6. Nf3 Nc6 7. 0-0 a6 8. Re1 Rb8 9. a3 Nd7 10. e4 e5 11. d5 Nd4 12. Be3 Nxf3+ 13. Bxf3 f5 14. Qd2 f4 15. gxf4 exf4 16. Bd4 Bxd4 17. Qxd4 Ne5 18. Qd1 Qg5+ 19. Kh1 Nxf3 20. Qxf3 Bg4 0-1

[Event "HUN-chT2 Breyer 0607"]
[Site "Hungary"]
[Date "2007.02.18"]
[Round "5"]
[White "Poor, Istvan"]
[Black "Osztobanyi, Zoltan"]
[Result "1-0"]
[WhiteElo "2251"]
[BlackElo "2177"]
[PlyCount "75"]
[EventDate "2006.11.12"]
[EventType "team"]
[EventRounds "11"]
[EventCountry "HUN"]
[SourceTitle "EXT 2008"]
[Source "ChessBase"]
[SourceDate "2007.11.25"]
[SourceVersion "1"]
[SourceVersionDate "2007.11.25"]
[SourceQuality "1"]
[WhiteTeam "Honved II"]
[BlackTeam "Kiraly Sakk"]
[WhiteTeamCountry "HUN"]
[BlackTeamCountry "HUN"]

1. e4 c6 2. d3 d5 3. Nd2 e5 4. Ngf3 Bd6 5. g3 Nf6 6. Bg2 0-0 7. 0-0 Bg4 8. h3 Bh5 9. b3 Nbd7 10. Bb2 Re8 11. c3 a5 12. a4 Nc5 13. Qc2 h6 14. b4 axb4 15. cxb4 Na6 16. b5 Nb4 17. Qb3 Bxf3 18. Nxf3 Nxd3 19. exd5 Nxb2 20. dxc6 bxc6 21. Qxb2 e4 22. Qb3 exf3 23. Bxf3 Ne4 24. Qc2 f5 25. Qxc6 Be5 26. Rad1 Qg5 27. h4 Qf6 28. Bxe4 fxe4 29. Qxe4 Qb6 30. Rd3 Qa5 31. Re3 Rad8 32. Qc4+ Kf8 33. Qc5+ Bd6 34. Qf5+ Kg8 35. Rxe8+ Rxe8 36. Qd5+ Kh8 37. Qxd6 Qxa4 38. b6 1-0

[Event "HUN-chT2 Breyer 0607"]
[Site "Hungary"]
[Date "2006.11.12"]
[Round "1"]
[White "Poor, Istvan"]
[Black "Sebestyen, Gabor"]
[Result "1/2-1/2"]
[WhiteElo "2251"]
[BlackElo "2149"]
[PlyCount "80"]
[EventDate "2006.11.12"]
[EventType "team"]
[EventRounds "11"]
[EventCountry "HUN"]
[SourceTitle "EXT 2008"]
[Source "ChessBase"]
[SourceDate "2007.11.25"]
[SourceVersion "1"]
[SourceVersionDate "2007.11.25"]
[SourceQuality "1"]
[WhiteTeam "Honved II"]
[BlackTeam "Kisber Aszar"]
[WhiteTeamCountry "HUN"]
[BlackTeamCountry "HUN"]

1. e4 e5 2. Nf3 Nc6 3. Bb5 a6 4. Ba4 Nf6 5. 0-0 Be7 6. Re1 b5 7. Bb3 0-0 8. d4 d6 9. c3 Bg4 10. Be3 Na5 11. Bc2 Nc4 12. Bc1 c5 13. d5 Qc7 14. h3 Bd7 15. Nh4 g6 16. b3 Nb6 17. Bh6 Rfb8 18. Nd2 c4 19. Qf3 Ne8 20. Qg3 Bf6 21. b4 Ng7 22. Bd1 a5 23. bxa5 Rxa5 24. Bg5 Qd8 25. Bxf6 Qxf6 26. a3 Na4 27. Bxa4 Rxa4 28. Nhf3 Rba8 29. Nb1 Nh5 30. Qg5 Qxg5 31. Nxg5 h6 32. Nf3 Nf4 33. Ra2 Nd3 34. Rd1 f5 35. Nfd2 Kf7 36. Nf1 f4 37. Kh2 Rg8 38. g4 fxg3+ 39. Kxg3 Rf8 40. Ne3 Nf4 1/2-1/2

[Event "HUN-chT2 Maroczy 0506"]
[Site "Hungary"]
[Date "2006.02.26"]
[Round "8"]
[White "Poor, Istvan"]
[Black "Kiss, Istvan Gyorgy"]
[Result "1/2-1/2"]
[WhiteElo "2271"]
[BlackElo "2173"]
[PlyCount "24"]
[EventDate "2005.10.16"]
[EventType "team"]
[EventRounds "11"]
[EventCountry "HUN"]
[SourceTitle "EXT 2009"]
[Source "ChessBase"]
[SourceDate "2008.11.26"]
[SourceVersion "1"]
[SourceVersionDate "2008.11.26"]
[SourceQuality "1"]
[WhiteTeam "Honved II"]
[BlackTeam "Vizugy"]
[WhiteTeamCountry "HUN"]
[BlackTeamCountry "HUN"]

1. e4 e6 2. d4 d5 3. Nd2 Nf6 4. e5 Nfd7 5. f4 c5 6. c3 Nc6 7. Ndf3 Qb6 8. g3 Be7 9. Nh3 cxd4 10. cxd4 h6 11. Be2 Nf8 12. 0-0 Bd7 1/2-1/2

[Event "HUN-chT2 Maroczy 0506"]
[Site "Hungary"]
[Date "2006.01.22"]
[Round "6"]
[White "Fodre, Sandor"]
[Black "Poor, Istvan"]
[Result "1-0"]
[WhiteElo "2244"]
[BlackElo "2271"]
[PlyCount "33"]
[EventDate "2005.10.16"]
[EventType "team"]
[EventRounds "11"]
[EventCountry "HUN"]
[SourceTitle "EXT 2009"]
[Source "ChessBase"]
[SourceDate "2008.11.26"]
[SourceVersion "1"]
[SourceVersionDate "2008.11.26"]
[SourceQuality "1"]
[WhiteTeam "Matra"]
[BlackTeam "Honved II"]
[WhiteTeamCountry "HUN"]
[BlackTeamCountry "HUN"]

1. e4 g6 2. d4 Bg7 3. Nf3 d6 4. Nc3 Nf6 5. h3 0-0 6. Bg5 c6 7. Qd2 b5 8. a3 a5 9. Bd3 Re8 10. 0-0 e5 11. d5 cxd5 12. Nxd5 Bd7 13. Qe2 Na6 14. Bxb5 Bxb5 15. Qxb5 Nc5 16. Bxf6 Bxf6 17. Qxe8+ 1-0

[Event "HUN-chT2 Maroczy 0304"]
[Site "Hungary"]
[Date "2004.01.25"]
[Round "6"]
[White "Poor, Istvan"]
[Black "Rozgonyi, Aron"]
[Result "0-1"]
[WhiteElo "2282"]
[BlackElo "2138"]
[PlyCount "100"]
[EventDate "2003.09.28"]
[EventType "team"]
[EventRounds "11"]
[EventCountry "HUN"]
[SourceTitle "EXT 2005"]
[Source "ChessBase"]
[SourceDate "2004.11.15"]
[SourceVersion "1"]
[SourceVersionDate "2004.11.15"]
[SourceQuality "1"]

1. e4 e5 2. Bc4 Nf6 3. d3 Nc6 4. Nf3 Be7 5. 0-0 d6 6. c3 Na5 7. Bb5+ c6 8. Ba4 b5 9. Bc2 c5 10. Re1 Bg4 11. Nbd2 0-0 12. h3 Bh5 13. Nf1 Nc6 14. Ng3 Bg6 15. Nh4 Re8 16. Nhf5 Bf8 17. Qf3 h6 18. h4 a6 19. h5 Bh7 20. Bd2 d5 21. Rad1 Ra7 22. exd5 Qxd5 23. Nxh6+ gxh6 24. Qxf6 Re6 25. Qh4 Qxa2 26. Qg4+ Kh8 27. Bc1 Qd5 28. Nf5 Ne7 29. Ne3 Qc6 30. Bb3 f5 31. Qe2 Rf6 32. d4 exd4 33. cxd4 c4 34. Bc2 Nd5 35. Nxd5 Qxd5 36. Bf4 Rg7 37. g3 Kg8 38. Qe5 Qd8 39. d5 Bd6 40. Qd4 Bxf4 41. Qxf4 Rg4 42. Qf3 Rg5 43. Re6 f4 44. Bxh7+ Kxh7 45. Rde1 Rxe6 46. dxe6 fxg3 47. fxg3 Qe7 48. Kg2 Rg7 49. Qe4+ Kh8 50. Rf1 Qd6 0-1

[Event "HUN-chT2 Erkel 0304"]
[Site "Hungary"]
[Date "2003.11.16"]
[Round "3"]
[White "Poor, Istvan"]
[Black "Bandy, Attila"]
[Result "1-0"]
[WhiteElo "2282"]
[BlackElo "2238"]
[PlyCount "97"]
[EventDate "2003.09.28"]
[EventType "team"]
[EventRounds "11"]
[EventCountry "HUN"]
[SourceTitle "EXT 2009"]
[Source "ChessBase"]
[SourceDate "2008.11.26"]
[SourceVersion "1"]
[SourceVersionDate "2008.11.26"]
[SourceQuality "1"]
[WhiteTeam "Honved II"]
[BlackTeam "Godollo"]
[WhiteTeamCountry "HUN"]
[BlackTeamCountry "HUN"]

1. e4 c5 2. Nf3 Nc6 3. Bb5 g6 4. 0-0 Bg7 5. Re1 e5 6. c3 Nge7 7. d3 0-0 8. Be3 d6 9. a4 a5 10. Bc4 h6 11. d4 cxd4 12. cxd4 Bg4 13. d5 Nb8 14. Be2 f5 15. h3 Bxf3 16. Bxf3 fxe4 17. Bxe4 Nf5 18. Qd2 Nxe3 19. Rxe3 g5 20. Nc3 Nd7 21. g3 Nc5 22. Bb1 Qe7 23. Qc2 Bf6 24. b4 Nd7 25. Ne4 Rac8 26. Rc3 Rxc3 27. Qxc3 Rd8 28. Ra3 Nf8 29. Qc2 Bg7 30. Rc3 Qd7 31. g4 Qf7 32. Rc7 Qf3 33. Ng3 e4 34. Qxe4 Qxe4 35. Bxe4 Rd7 36. Rc8 Kf7 37. Nf5 Ng6 38. Nxg7 Kxg7 39. Bf5 Re7 40. Bxg6 Kxg6 41. Rd8 Kf6 42. Rxd6+ Ke5 43. Rxh6 Kxd5 44. Rg6 Re5 45. Rb6 Re7 46. Kg2 Kc4 47. Kg3 Rd7 48. f3 Rf7 49. Rg6 1-0

[Event "HUN-chT2 Erkel 0304"]
[Site "Hungary"]
[Date "2003.09.28"]
[Round "1"]
[White "Eberth, Zoltan"]
[Black "Poor, Istvan"]
[Result "0-1"]
[WhiteElo "2213"]
[BlackElo "2282"]
[PlyCount "118"]
[EventDate "2003.09.28"]
[EventType "team"]
[EventRounds "11"]
[EventCountry "HUN"]
[SourceTitle "EXT 2009"]
[Source "ChessBase"]
[SourceDate "2008.11.26"]
[SourceVersion "1"]
[SourceVersionDate "2008.11.26"]
[SourceQuality "1"]
[WhiteTeam "Heves"]
[BlackTeam "Honved II"]
[WhiteTeamCountry "HUN"]
[BlackTeamCountry "HUN"]

1. e4 g6 2. d4 Bg7 3. Nc3 d6 4. f4 c6 5. Nf3 Bg4 6. Be3 Qb6 7. Qd3 Nf6 8. d5 Qa5 9. 0-0-0 0-0 10. h3 Bxf3 11. gxf3 b5 12. dxc6 a6 13. e5 dxe5 14. fxe5 Nh5 15. Qd5 Qc7 16. f4 Ng3 17. Bg2 Nxh1 18. Qf3 Nxc6 19. Qxc6 Qxc6 20. Bxc6 Ng3 21. Bxa8 Rxa8 22. Nd5 Nf5 23. Bc5 Bh6 24. b4 e6 25. Nf6+ Kg7 26. Rf1 Ng3 27. Rf3 Bxf4+ 28. Kb1 Ne2 29. Nd7 Rd8 30. Rd3 Nc3+ 31. Rxc3 Rxd7 32. Bd6 g5 33. Rc6 Ra7 34. c4 bxc4 35. Kc2 Kg6 36. Kc3 h5 37. Kd4 Kf5 38. a4 g4 39. hxg4+ hxg4 40. Rxc4 g3 41. Rc2 Rd7 42. Kc5 Bxe5 43. Bxe5 Kxe5 44. Kc6 Rd4 45. b5 axb5 46. axb5 f5 47. b6 Rb4 48. b7 Rxb7 49. Kxb7 f4 50. Re2+ Kf5 51. Kc6 f3 52. Re3 f2 53. Rf3+ Ke5 54. Kd7 g2 55. Rxf2 g1Q 56. Re2+ Kf5 57. Rxe6 Qa7+ 58. Ke8 Kxe6 59. Kf8 Qf7# 0-1

[Event "HUN-chT2 Charousek 0203"]
[Site "Hungary"]
[Date "2003.02.16"]
[Round "7.2"]
[White "Poor, Istvan"]
[Black "Feletar, Darko"]
[Result "0-1"]
[WhiteElo "2313"]
[BlackElo "2420"]
[PlyCount "104"]
[EventDate "2002.09.22"]
[EventType "team"]
[EventRounds "11"]
[EventCountry "HUN"]
[SourceTitle "EXT 2004"]
[Source "ChessBase"]
[SourceDate "2003.11.25"]
[SourceVersion "1"]
[SourceVersionDate "2003.11.25"]
[SourceQuality "1"]
[WhiteTeam "Matador"]
[BlackTeam "Szenna Pack"]
[WhiteTeamCountry "HUN"]
[BlackTeamCountry "HUN"]

1. e4 c5 2. Nf3 e6 3. d3 d5 4. Nbd2 Nf6 5. g3 b6 6. Bg2 Nc6 7. 0-0 Be7 8. Re1 Qc7 9. Nf1 Bb7 10. c3 h6 11. e5 Nd7 12. d4 b5 13. a3 a5 14. Be3 b4 15. axb4 axb4 16. Rxa8+ Bxa8 17. h4 Bb7 18. h5 Qa5 19. cxb4 Qxb4 20. dxc5 Bxc5 21. Qc1 Bxe3 22. Nxe3 0-0 23. Qc3 Qb6 24. Ng4 Rc8 25. Qd2 Qb4 26. Nxh6+ gxh6 27. Qxh6 Qf8 28. Qf4 Ba6 29. g4 Bd3 30. Qg3 Be4 31. Ng5 Bxg2 32. Kxg2 Qg7 33. f4 Ncxe5 34. Kh1 Nc4 35. Nxe6 fxe6 36. Rxe6 Nf8 37. Re2 Nxb2 38. Qg2 Na4 39. Qxd5+ Kh8 40. Qf5 Rc5 41. Re5 Qb7+ 42. Kh2 Qb2+ 43. Kh3 Rc3+ 44. Kh4 Qf2+ 45. Kg5 Nh7+ 46. Kg6 Rc6+ 47. Kf7 Rf6+ 48. Qxf6+ Nxf6 49. Re6 Nxg4 50. Kg6 Qc2+ 51. f5 Qc8 52. Kg5 Nc5 0-1

[Event "HUN-chT2 Charousek 0203"]
[Site "Hungary"]
[Date "2002.12.08"]
[Round "4.1"]
[White "Poor, Istvan"]
[Black "Seres, Lajos"]
[Result "0-1"]
[WhiteElo "2313"]
[BlackElo "2462"]
[PlyCount "64"]
[EventDate "2002.09.22"]
[EventType "team"]
[EventRounds "11"]
[EventCountry "HUN"]
[SourceTitle "EXT 2004"]
[Source "ChessBase"]
[SourceDate "2003.11.25"]
[SourceVersion "1"]
[SourceVersionDate "2003.11.25"]
[SourceQuality "1"]
[WhiteTeam "Matador"]
[BlackTeam "Taban Spartacus"]
[WhiteTeamCountry "HUN"]
[BlackTeamCountry "HUN"]

1. Nf3 c5 2. e4 e6 3. d3 b6 4. g3 Bb7 5. Bg2 d6 6. 0-0 Nf6 7. c4 Be7 8. Nc3 0-0 9. Nh4 Nfd7 10. f4 Bxh4 11. gxh4 Nc6 12. Nb5 Qe7 13. h5 a6 14. Nc3 h6 15. f5 Nd4 16. Ne2 Nxe2+ 17. Qxe2 exf5 18. Rxf5 Ne5 19. Be3 Bc8 20. Rf4 Be6 21. Raf1 b5 22. b3 bxc4 23. dxc4 a5 24. Qd2 a4 25. h3 axb3 26. axb3 Ra3 27. R4f2 Rxb3 28. Bxh6 gxh6 29. Qxh6 Rg3 30. Rf5 Bxf5 31. Rxf5 f6 32. Rf2 Qg7 0-1

[Event "HUN-chT2 Charousek 0203"]
[Site "Hungary"]
[Date "2002.10.13"]
[Round "2.1"]
[White "Poor, Istvan"]
[Black "Dory, Jeno"]
[Result "1/2-1/2"]
[WhiteElo "2313"]
[BlackElo "2284"]
[PlyCount "45"]
[EventDate "2002.09.22"]
[EventType "team"]
[EventRounds "11"]
[EventCountry "HUN"]
[SourceTitle "EXT 2004"]
[Source "ChessBase"]
[SourceDate "2003.11.25"]
[SourceVersion "1"]
[SourceVersionDate "2003.11.25"]
[SourceQuality "1"]
[WhiteTeam "Matador"]
[BlackTeam "Gyor Elektromos"]
[WhiteTeamCountry "HUN"]
[BlackTeamCountry "HUN"]

1. e4 c5 2. Nf3 Nc6 3. Bb5 g6 4. 0-0 Bg7 5. Re1 Nf6 6. c3 0-0 7. d4 d5 8. e5 Ne4 9. Ng5 Qb6 10. Bxc6 bxc6 11. Nxe4 dxe4 12. dxc5 Qxc5 13. Nd2 Rd8 14. Rxe4 Bf5 15. Re1 Bxe5 16. Qe2 Bf6 17. Nb3 Qd5 18. Be3 Bd3 19. Qg4 h5 20. Qf4 Be5 21. Qh4 Bf6 22. Qf4 Be5 23. Qh4 1/2-1/2

[Event "HUN-chT2 Maroczy 0001"]
[Site "Hungary"]
[Date "2001.03.25"]
[Round "9"]
[White "Poor, Istvan"]
[Black "Toth, Janos"]
[Result "0-1"]
[WhiteElo "2291"]
[BlackElo "2191"]
[PlyCount "118"]
[EventDate "2000.11.26"]
[EventType "team"]
[EventRounds "11"]
[EventCountry "HUN"]
[SourceTitle "EXT 2007"]
[Source "ChessBase"]
[SourceDate "2006.11.23"]
[SourceVersion "1"]
[SourceVersionDate "2006.11.23"]
[SourceQuality "1"]
[WhiteTeam "Budapest Matador"]
[BlackTeam "Debrecen Nyomdasz"]
[WhiteTeamCountry "HUN"]
[BlackTeamCountry "HUN"]

1. Nf3 d5 2. g3 Nf6 3. Bg2 c5 4. 0-0 Nc6 5. d3 Bg4 6. c4 e6 7. Nc3 d4 8. Ne4 Nxe4 9. dxe4 Bd6 10. Ne1 0-0 11. h3 Bh5 12. g4 Bg6 13. f4 f6 14. Nd3 e5 15. f5 Bf7 16. b3 a6 17. Ba3 Qe7 18. Rc1 Rfc8 19. Qd2 b6 20. Bf3 a5 21. Nb2 Nb4 22. Na4 Qb7 23. Kh1 Be7 24. Rg1 Be8 25. g5 Bc6 26. g6 h6 27. Rg4 Bxa4 28. bxa4 Qc6 29. Rh4 Bf8 30. Rg1 Rc7 31. Bc1 Qxa4 32. a3 Nc2 33. Qd3 b5 34. cxb5 c4 35. Qd1 Qb3 36. a4 Qxa4 37. b6 Rd7 38. Rxh6 gxh6 39. g7 Rxg7 40. Bxh6 Qa1 41. Qxa1 Nxa1 42. Bxg7 Bxg7 43. Rxa1 c3 44. b7 Rb8 45. Rxa5 Rxb7 46. Rc5 Bf8 47. Rc6 Rb5 48. Bh5 Rc5 49. Rxf6 c2 50. Rg6+ Kh8 51. Rg1 c1Q 52. Rxc1 Rxc1+ 53. Kg2 Kg7 54. Be8 Kf6 55. h4 Rc3 56. Bb5 Re3 57. Bd3 Kg7 58. Kf2 Bb4 59. Kg2 Kh6 0-1

[Event "HUN-chT2 Maroczy 0001"]
[Site "Hungary"]
[Date "2001.01.21"]
[Round "5"]
[White "Kiss, Peter"]
[Black "Poor, Istvan"]
[Result "0-1"]
[WhiteElo "2165"]
[BlackElo "2291"]
[PlyCount "70"]
[EventDate "2000.11.26"]
[EventType "team"]
[EventRounds "11"]
[EventCountry "HUN"]
[SourceTitle "EXT 2007"]
[Source "ChessBase"]
[SourceDate "2006.11.23"]
[SourceVersion "1"]
[SourceVersionDate "2006.11.23"]
[SourceQuality "1"]
[WhiteTeam "Foti"]
[BlackTeam "Budapest Matador"]
[WhiteTeamCountry "HUN"]
[BlackTeamCountry "HUN"]

1. d4 g6 2. c4 Bg7 3. e4 d6 4. Nc3 Nf6 5. f3 0-0 6. Bg5 c5 7. d5 e5 8. Qd2 a6 9. Nge2 Bd7 10. Ng3 Re8 11. h4 Qe7 12. h5 Qf8 13. hxg6 fxg6 14. Bh6 Re7 15. Bd3 Ne8 16. 0-0-0 b5 17. Nce2 bxc4 18. Bxc4 Bb5 19. Bxg7 Rxg7 20. Qc3 Bxc4 21. Qxc4 Nc7 22. Nf1 Nd7 23. Ne3 Rb8 24. Qc2 Nb5 25. Nc4 Nd4 26. Nxd4 cxd4 27. Kb1 Rb5 28. Rd2 Nc5 29. Rc1 Rgb7 30. Qd1 Qb8 31. Qe2 Na4 32. Ka1 Rb4 33. Rdc2 Nc5 34. Qd2 R7b5 35. Rb1 Ra4 0-1

[Event "HUN-chT 9900"]
[Site "Hungary"]
[Date "1999.11.14"]
[Round "4"]
[White "Konopka, Michal"]
[Black "Poor, Istvan"]
[Result "0-1"]
[WhiteElo "2484"]
[BlackElo "2261"]
[PlyCount "74"]
[EventDate "1999.09.26"]
[EventType "team"]
[EventRounds "11"]
[EventCountry "HUN"]
[SourceTitle "EXT 2009"]
[Source "ChessBase"]
[SourceDate "2008.11.26"]
[SourceVersion "1"]
[SourceVersionDate "2008.11.26"]
[SourceQuality "1"]
[WhiteTeam "Csuti"]
[BlackTeam "Matador"]
[WhiteTeamCountry "HUN"]
[BlackTeamCountry "HUN"]

1. Nf3 g6 2. d4 Bg7 3. g3 d6 4. Bg2 Nf6 5. 0-0 0-0 6. c4 Nc6 7. Nc3 a6 8. b3 Rb8 9. Nd5 e5 10. Bb2 e4 11. Nd2 Nxd5 12. cxd5 Nxd4 13. Nc4 Nf5 14. Bxg7 Nxg7 15. Bxe4 Bh3 16. Bg2 Bxg2 17. Kxg2 f5 18. e3 g5 19. Rc1 Rf6 20. Qd4 Qe7 21. Rc3 Rbf8 22. f4 gxf4 23. exf4 Rh6 24. Re3 Qf7 25. Nd2 c5 26. dxc6 bxc6 27. Nf3 Ne6 28. Qc3 c5 29. Rfe1 Rg6 30. Kf1 h6 31. Nh4 Rf6 32. Nxf5 Nxf4 33. Re7 Rxf5 34. Rxf7 Nd5+ 35. Rxf5 Rxf5+ 36. Kg2 Nxc3 37. Re6 Rd5 0-1